|
|
|
|
| LEADER |
00000cam a2200000 a 4500 |
| 001 |
UCF2496 |
| 003 |
CL-VaPUC |
| 008 |
120824e19590000GW |||||||||||||||||eng|d |
| 082 |
0 |
4 |
|a 516.1
|b RUN
|2 21
|
| 100 |
0 |
|
|a Rund, Hanno
|e author
|9 564154
|
| 245 |
1 |
4 |
|a The Differential Geometry of Finsler Spaces
|
| 300 |
|
|
|a 280 p
|
| 942 |
|
|
|c BK
|
| 945 |
|
|
|d 20120824 00:00:00
|a dcastane
|
| 260 |
|
|
|a Berlín
|b Springer
|c 1959
|
| 650 |
|
0 |
|a Espacios métricos
|9 269874
|
| 650 |
|
7 |
|a ESPACIOS DE FINSLER
|2 CL-VaPUC
|9 427739
|
| 650 |
|
0 |
|a Geometría
|9 264063
|
| 583 |
|
|
|a last modification
|c 20120824 12:41:00
|k Rodrigo Vera
|
| 999 |
|
|
|c 349057
|d 349055
|
| 952 |
|
|
|0 0
|1 0
|4 0
|6 516_100000000000000_RUN_1959
|7 0
|8 A
|9 451437
|a BIBMAT
|b BIBMAT
|d 2019-11-22
|i 4888464
|o 516.1 RUN 1959
|p 4888464
|r 2025-01-07
|w 2019-11-22
|y BK
|k MAT
|